Food for reversing heart disease (Record no. 388983)

000 -LEADER
fixed length control field 00325cam a22001217a 4500
008 - FIXED-LENGTH DATA ELEMENTS--GENERAL INFORMATION
fixed length control field 180718b1998 xxu||||| |||| 00| 0 eng d
082 ## - DEWEY DECIMAL CLASSIFICATION NUMBER
Classification number O6 C343
100 ## - MAIN ENTRY--PERSONAL NAME
Personal name Chhajer, Bimal
245 ## - TITLE STATEMENT
Title Food for reversing heart disease
Statement of responsibility, etc. by Bimal Chhajer
260 ## - PUBLICATION, DISTRIBUTION, ETC.
Place of publication, distribution, etc. New Delhi
Name of publisher, distributor, etc. SAAOL
Date of publication, distribution, etc. 1998
300 ## - PHYSICAL DESCRIPTION
Extent 487p.
650 ## - SUBJECT ADDED ENTRY--TOPICAL TERM
Topical term or geographic name entry element Heart - Diseases
Holdings
Withdrawn status Lost status Damaged status Not for loan Permanent Location Current Location Date acquired Full call number Barcode Date last seen Price effective from Koha item type
        Indian Institute of Public Administration Indian Institute of Public Administration 1999-04-13 O6 C343 74221 2018-07-21 2018-07-21 Book

Powered by Koha